000 00513nam a2200145 4500
999 _c511723
_d511723
008 191004b ||||| |||| 00| 0 eng d
100 _aBettinger, Eric P.
_911946
245 _aCollege guidance for all: A randomized experiment in pre-college advising
260 _bJournal of Policy Analysis and Management
300 _a38(3), Summer, 2019: p.579-599.
700 _aEvans, Brent J.
_911947
773 _aJournal of Policy Analysis and Management
906 _aColleges and Universities
942 _2ddc
_cAR